| 000 | 01340nam0a22002891 4500 | ||
|---|---|---|---|
| 001 | RU\INFOCOMM_317\NLR\5000025140 | ||
| 005 | 20260407212751.0 | ||
| 035 | _a(NLR Aleph) 010937309 | ||
| 090 |
_a10740014 _c10740014 |
||
| 100 | _a20130325d1967 |||y0rusy50 ca | ||
| 101 | 0 | _ager | |
| 102 | _aRU | ||
| 105 | _ay z ||||| | ||
| 200 | 1 |
_aThesen zum Bericht über die Tätigkeit der Arbeitsgruppe zur Rationalisierung der Informations- und Dokumentationsarbeit für Zeitraum zwischen der 4. und 5. Tagungen. (Okt. 1965 - Nov. 1966) _eZu Tagesordnungspunkt 5 der 5. Konferenz des III. Sekretariats zur Vereinheitlichung der Patentdokumentation- und Klassifikation. (Febr., 1967, Warschau) _f[Zusgest. von der nationalen Arbeitsgruppe der UdSSR des Rates für gegenseitige Wirtschaftshilfe] |
|
| 210 |
_aM. _d1967 |
||
| 215 |
_a7 л. _d29 см |
||
| 309 | _aОтпеч. множит. аппаратом на одной стороне листа | ||
| 606 | 0 |
_aПатенты _xСъезды, совещания и т. п. _2nlr_sh1 |
|
| 620 | _aМосква | ||
| 686 |
_aТ1-48 _2rubbk |
||
| 686 |
_a[Ж.Я85] _2rubbk |
||
| 710 | 0 | 2 |
_4070 _8ger _aRat für gegenseitige Wirtschaftshilfe _7ba _3RU\NLR\AUTH\8810142075 _9778897 |
| 801 | 1 |
_aRU _bInfocomm _c20130325 |
|
| 801 | 0 |
_aRU _bINFOCOMM _gPSBO |
|
| 852 |
_aNLR _jТ11 Д-8/1 |
||
| 942 | _cBOOK | ||
| 980 | _aNB | ||